Mathematical techniques for biology and medicine / (Record no. 26104)

MARC details
000 -LEADER
fixed length control field 01133aam a2200301 i 4500
001 - CONTROL NUMBER
control field 516391
003 - CONTROL NUMBER IDENTIFIER
control field EG-ScBUE
005 - DATE AND TIME OF LATEST TRANSACTION
control field 20240822090148.0
008 - FIXED-LENGTH DATA ELEMENTS--GENERAL INFORMATION
fixed length control field 860520s1986 nyua f b 001 0 eng d
020 ## - INTERNATIONAL STANDARD BOOK NUMBER
International Standard Book Number 0486652475
040 ## - CATALOGING SOURCE
Original cataloging agency DNLM/DLC
Language of cataloging eng
Description conventions rda
Transcribing agency DLC
Modifying agency DLC
-- DLC
-- EG-ScBUE
082 04 - DEWEY DECIMAL CLASSIFICATION NUMBER
Classification number 510.24574
Edition number 22
Item number SIM
100 1# - MAIN ENTRY--PERSONAL NAME
Personal name Simon, William,
Dates associated with a name 1929-
Relator term author.
245 10 - TITLE STATEMENT
Title Mathematical techniques for biology and medicine /
Statement of responsibility, etc William Simon, professor of biophysics, School of Medicine and Dentistry, The University of Rochester, Rochester, New York.
264 #1 - PUBLICATION, DISTRIBUTION, ETC. (IMPRINT)
Place of publication, distribution, etc New York :
Name of publisher, distributor, etc Dover Publications,
Date of publication, distribution, etc 1986.
300 ## - PHYSICAL DESCRIPTION
Extent xii, 295 pages :
Other physical details illustrations ;
Dimensions 22 cm
336 ## - CONTENT TYPE
Source rdacontent
Content type term text
Content type code txt
337 ## - MEDIA TYPE
Media type term unmediated
Source rdamedia
Media type code n
338 ## - CARRIER TYPE
Carrier type term volume
Carrier type code nc
Source rdacarrier
500 ## - GENERAL NOTE
General note Reprint. Originally published: Cambridge, Mass. : MIT Press, c1977.
504 ## - BIBLIOGRAPHY, ETC. NOTE
Bibliography, etc Includes bibliographical reference and index.
650 #7 - SUBJECT ADDED ENTRY--TOPICAL TERM
Topical term or geographic name as entry element Biomathematics.
Source of heading or term BUEsh
9 (RLIN) 36749
650 #7 - SUBJECT ADDED ENTRY--TOPICAL TERM
Topical term or geographic name as entry element Medicine
General subdivision Mathematics.
Source of heading or term BUEsh
650 #7 - SUBJECT ADDED ENTRY--TOPICAL TERM
Topical term or geographic name as entry element Biometry
Source of heading or term BUEsh
9 (RLIN) 26131
653 ## - INDEX TERM--UNCONTROLLED
Resource For college Generalities
Arrived date list February2018
655 ## - INDEX TERM--GENRE/FORM
Form subdivision Reading book
942 ## - ADDED ENTRY ELEMENTS (KOHA)
Source of classification or shelving scheme Dewey Decimal Classification
Koha item type Book - Borrowing
Holdings
Withdrawn status Lost status Source of classification or shelving scheme Damaged status Not for loan Collection code Home library Current library Shelving location Date acquired Source of acquisition Total Checkouts Full call number Barcode Date last seen Price effective from Koha item type
    Dewey Decimal Classification     Donation-Gift Central Library Central Library First floor 06/02/2018 Donation   510.24574 SIM 000047247 15/07/2025 06/02/2018 Book - Borrowing